Statistiken für Alle Pokémon - Heilitems

Klicken Sie hier um das Quiz zu spielen!

Allgemein

  • Dieses Quiz wurde 32 mal gespielt
  • Das Durchschnittsergebnis liegt bei 12 aus 32

Antwortstatistiken

Item% Korrekt
Hypertrank
100%
Supertrank
100%
Trank
100%
Top -Genesung
83%
Top -Trank
83%
Beleber
74%
Top -Beleber
70%
Aufwecker
52%
Para -Heiler
52%
Gegengift
48%
Eisheiler
43%
Tafelwasser
43%
Feuerheiler
39%
Limonade
35%
Sprudel
35%
Hyperheiler
30%
Kuhmuh -Milch
30%
Äther
26%
Beerensaft
26%
Elixier
26%
Kraftwurzel
26%
Top -Äther
26%
Top -Elixier
26%
Vitalkraut
26%
Heilpuder
17%
Stratos -Eis
9%
Zauberasche
9%
Energiestaub
4%
Illumina -Galette
4%
Spezialität
4%
Lavakeks
0%
Yantara -Sable
0%

Verteilung der Resultate

Perzentil nach korrekt beantworteten Fragen

Anzahl Personen mit jedem Resultat

Ihre Resultats-Entwicklung

Sie haben dieses Quiz noch nicht gespielt